اضطرابات النمو الشامل / (رقم التسجيلة. 33989)

تفاصيل مارك
000 -الفاتح
حقل البيانات ثابتة الطول 00893nam a22002297a 4500
003 - محدد رقم الضبط
رقم الضبط OSt
005 - وقت وتاريخ اخر تعامل مع التسجيلة
رقم الضبط 20150408114209.0
008 - عناصر البيانات ثابتة الطول - معلومات عامة
حقل البيانات ثابتة الطول 140302s 2011jo a g b 00| 0 ara d
020 ## - الرقم الدولى المعيارى للكتب
الرقم الدولى المعيارى للكتاب 9789957166557
040 ## - مصدر الفهرسة
وكالة الفهرسة الأصلية ma-un
082 ## - رقم تصنيف ديوى العشرى
رقم الطبعة 21
رقم التصنيف 371.92
رقم المادة إ م إ
100 ## - المدخل الرئيسى - إسم شخصى
الإسم الشخصى الإمام، محمد أحمد صالح
9 (RLIN) 43340
245 ## - بيان العنوان
العنوان اضطرابات النمو الشامل /
بيان المسئوليه,etc محمد صالح الإمام، فؤاد عيد الجوالدة.
250 ## - بيان الطبعة
بيان الطبعة ط. 1.
260 ## - PUBLICATION, DISTRIBUTION, ETC. (IMPRINT)
مكان الناشر او الموزع عمان، الأردن :
اسم الناشر او الموزع دار الثقافة للنشر والتوزيع،
تاريخ النشر أو التوزيع 2011 1432.
300 ## - الوصف المادى
التعداد 302 ص. :
تفاصيل ماديه اخرى للوعاء إيض. ؛
أبعاد الوعاء 24 سم.
504 ## - تبصرة ببليوجرافية
تبصرة ببليوجرافية,الخ قائمة ببليوجرافية.
650 ## - المدخل الاضافى بالموضوع-مصطلح موضوعى
مصطلح موضوعي أو اسم جغرافي كعنصر مدخل الأطفال المعوقون
التقسيم الفرعي العام تعليم
9 (RLIN) 43341
650 ## - المدخل الاضافى بالموضوع-مصطلح موضوعى
مصطلح موضوعي أو اسم جغرافي كعنصر مدخل الأطفال المعوقون
التقسيم الفرعي العام رعاية
9 (RLIN) 43342
700 ## - المدخل الاضافى - اسم شخصى
الإسم الشخصى الجوالدة، فؤاد عيد
9 (RLIN) 12475
942 ## - عناصر المدخل الإضافي( كوها)
مصدر التصنيف او مخطط الترفيف Dewey Decimal Classification
Koha [default] item type كتاب
المقتنيات
حالة الفقد نموذج السعر الفعال حالة تلف ليس للاعارة رقم الطلب تاريخ الاكتساب الموقع الحالي الباركود الفرع الرئيسي Date last seen نوع المادة فى نظام كوها مصدر التصنيف او خطة الترفيف Total Checkouts
  2014-03-02     371.92 إ م إ 2014-03-02 المكتبة المركزية بالمجمعة (CL) 00127749 المكتبة المركزية بالمجمعة (CL) 2014-03-02 كتاب Dewey Decimal Classification  
  2014-03-02     371.92 إ م إ 2014-03-02 المكتبة المركزية بالمجمعة (CL) 00127750 المكتبة المركزية بالمجمعة (CL) 2014-03-02 كتاب Dewey Decimal Classification  
  2014-03-02     371.92 إ م إ 2014-03-02 المكتبة المركزية بالمجمعة (CL) 00127751 المكتبة المركزية بالمجمعة (CL) 2014-03-02 كتاب Dewey Decimal Classification  
  2014-03-03     371.92 إ م إ 2014-03-03 قسم الاجراءات الفنية (IC) 00127880 قسم الاجراءات الفنية (IC) 2014-03-03 كتاب Dewey Decimal Classification  
  2014-03-03     371.92 إ م إ 2014-03-03 قسم الاجراءات الفنية (IC) 00127881 قسم الاجراءات الفنية (IC) 2014-03-03 كتاب Dewey Decimal Classification  
  2014-03-03     371.92 إ م إ 2014-03-03 مكتبة كلية التربية بالزلفى - طالبات (EZF) 00127876 مكتبة كلية التربية بالزلفى - طالبات (EZF) 2014-03-03 كتاب Dewey Decimal Classification  
  2014-03-03     371.92 إ م إ 2014-03-03 مكتبة كلية التربية بالزلفى - طالبات (EZF) 00127877 مكتبة كلية التربية بالزلفى - طالبات (EZF) 2014-03-03 كتاب Dewey Decimal Classification  
  2014-03-03     371.92 إ م إ 2014-03-03 مكتبة كلية العلوم و الدراسات الإنسانية برماح - طلاب (SRM) 00127882 مكتبة كلية العلوم و الدراسات الإنسانية برماح - طلاب (SRM) 2014-03-03 كتاب Dewey Decimal Classification  
  2014-03-03     371.92 إ م إ 2014-03-03 مكتبة كلية العلوم و الدراسات الإنسانية برماح - طلاب (SRM) 00127883 مكتبة كلية العلوم و الدراسات الإنسانية برماح - طلاب (SRM) 2014-03-03 كتاب Dewey Decimal Classification  
  2014-03-03     371.92 إ م إ 2014-03-03 مكتبة مجمع الطالبات بالمجمعة (EMF) 00127878 مكتبة مجمع الطالبات بالمجمعة (EMF) 2014-03-03 كتاب Dewey Decimal Classification  
  2014-03-03     371.92 إ م إ 2014-03-03 مكتبة مجمع الطالبات بالمجمعة (EMF) 00127879 مكتبة مجمع الطالبات بالمجمعة (EMF) 2014-03-03 كتاب Dewey Decimal Classification  
  2014-03-03     371.92 إ م إ 2014-03-03 مكتبة مجمع الكليات بالزلفى - طلاب (SZM) 00127884 مكتبة مجمع الكليات بالزلفى - طلاب (SZM) 2014-03-03 كتاب Dewey Decimal Classification  
  2014-03-03     371.92 إ م إ 2014-03-03 مكتبة مجمع الكليات بالزلفى - طلاب (SZM) 00127885 مكتبة مجمع الكليات بالزلفى - طلاب (SZM) 2014-03-03 كتاب Dewey Decimal Classification